Detalles MARC
| 000 -LEADER |
| fixed length control field |
02829nam a2200457Ii 4500 |
| 001 - CONTROL NUMBER |
| control field |
DIGUNAU0159 |
| 003 - CONTROL NUMBER IDENTIFIER |
| control field |
NyNyDIG |
| 007 - PHYSICAL DESCRIPTION FIXED FIELD--GENERAL INFORMATION |
| fixed length control field |
cr ||||||||||| |
| 008 - FIXED-LENGTH DATA ELEMENTS--GENERAL INFORMATION |
| fixed length control field |
180618s2017 ck o 100 0 spa d |
| 006 - FIXED-LENGTH DATA ELEMENTS--ADDITIONAL MATERIAL CHARACTERISTICS |
| fixed length control field |
m o d |
| 035 ## - SYSTEM CONTROL NUMBER |
| System control number |
(OCoLC)1041614845 |
| 040 ## - CATALOGING SOURCE |
| Original cataloging agency |
DGITA |
| Language of cataloging |
eng |
| Description conventions |
rda |
| -- |
pn |
| Transcribing agency |
DGITA |
| 043 ## - GEOGRAPHIC AREA CODE |
| Geographic area code |
s-ck--- |
| 050 14 - LIBRARY OF CONGRESS CALL NUMBER |
| Classification number |
HD1333.C7 ebook |
| 082 04 - DEWEY DECIMAL CLASSIFICATION NUMBER |
| Classification number |
333.31861 |
| 111 2# - MAIN ENTRY--MEETING NAME |
| Meeting name or jurisdiction name as entry element |
Encuentro de Pensamiento Latinoamericano |
| Number of part/section/meeting |
(3rd : |
| Date of meeting or treaty signing |
2016 : |
| Location of meeting |
Medellín, Colombia), |
| Relator term |
author. |
| 245 10 - TITLE STATEMENT |
| Title |
Tierra, memoria y paz : |
| Remainder of title |
restitución de tierras : Urabá antioqueño y territorios latinoamericanos / |
| Statement of responsibility, etc. |
Tercer Encuentro de Pensamiento Latinoamericano. |
| 246 30 - VARYING FORM OF TITLE |
| Title proper/short title |
Restitución de tierras : |
| Remainder of title |
Urabá antioqueño y territorios latinoamericanos |
| 264 #1 - PRODUCTION, PUBLICATION, DISTRIBUTION, MANUFACTURE, AND COPYRIGHT NOTICE |
| Place of production, publication, distribution, manufacture |
[Medellín, Colombia] : |
| Name of producer, publisher, distributor, manufacturer |
Ediciones UNALUA, |
| Date of production, publication, distribution, manufacture, or copyright notice |
[2017] |
| 300 ## - PHYSICAL DESCRIPTION |
| Extent |
1 online resource. |
| 336 ## - CONTENT TYPE |
| Content type term |
text |
| Content type code |
txt |
| Source |
rdacontent |
| 337 ## - MEDIA TYPE |
| Media type term |
unmediated |
| Media type code |
n |
| Source |
rdamedia |
| 338 ## - CARRIER TYPE |
| Carrier type term |
volume |
| Carrier type code |
nc |
| Source |
rdacarrier |
| 490 1# - SERIES STATEMENT |
| Series statement |
Serie Cuaderno[s] de cátedra libre, |
| International Standard Serial Number |
2248-583X ; |
| Volume/sequential designation |
número 43 (septiembre de 2017) |
| 505 0# - FORMATTED CONTENTS NOTE |
| Formatted contents note |
Carnavalizar la política / Francisco Luciano, Concheiro Bórquez -- La calle es la posibilidad para que el monte no se fortalezca / Alfredo Molano Bravo -- Restitución de tierras sin reparación integral no es verdadera restitución / Tulio Mario Botero Uribe -- Mitos y realidades de la Restitución de Tierras / Paola Andrea Cadavid -- La justicia transicional en la Ley de Víctimas / Mario José Lozano Madrid -- Las decisiones del gobierno nacional en contra de la restitución de tierras : ¿hacia un nuevo campo en Colombia? / Julio César Cuastumal -- Acciones, desafíos y estrategias desde la educación popular para recuperar la memoria, el territorio y la paz / Fátima del Rosario Soto Hernández -- Reflexiones sobre la defensa de la tierra en Colombia y la promoción de garantías de acceso para los campesinos / Sergio Coronado Delgado -- Iniciativa legislativa en agricultura familiar, étnica, campesina y comunitaria / Laura Ossa Silva. |
| 588 0# - SOURCE OF DESCRIPTION NOTE |
| Source of description note |
Online resource; title from PDF title page (Digitalia, viewed June 20, 2018) |
| 650 #0 - SUBJECT ADDED ENTRY--TOPICAL TERM |
| Topical term or geographic name entry element |
Land reform |
| Geographic subdivision |
Colombia |
| Form subdivision |
Congresses. |
| 650 #0 - SUBJECT ADDED ENTRY--TOPICAL TERM |
| Topical term or geographic name entry element |
Restitution |
| Geographic subdivision |
Colombia |
| Form subdivision |
Congresses. |
| 650 #0 - SUBJECT ADDED ENTRY--TOPICAL TERM |
| Topical term or geographic name entry element |
Restorative justice |
| Geographic subdivision |
Colombia |
| Form subdivision |
Congresses. |
| 650 #0 - SUBJECT ADDED ENTRY--TOPICAL TERM |
| Topical term or geographic name entry element |
Reparation (Criminal justice) |
| Geographic subdivision |
Colombia |
| Form subdivision |
Congresses. |
| 650 #0 - SUBJECT ADDED ENTRY--TOPICAL TERM |
| Topical term or geographic name entry element |
Land tenure |
| Geographic subdivision |
Colombia. |
| 651 #0 - SUBJECT ADDED ENTRY--GEOGRAPHIC NAME |
| Geographic name |
Urabá (Colombia) |
| 655 #7 - INDEX TERM--GENRE/FORM |
| Genre/form data or focus term |
Conference papers and proceedings. |
| Source of term |
lcgft |
| 655 #0 - INDEX TERM--GENRE/FORM |
| Genre/form data or focus term |
Electronic books. |
| 791 2# - |
| -- |
Digitalia (Firm), |
| -- |
distributor. |
| 793 0# - |
| -- |
Digitalia eBook Collection: |
| -- |
Ediciones UNAULA. |
| 830 #0 - SERIES ADDED ENTRY--UNIFORM TITLE |
| Uniform title |
Cuadernos de cátedra libre ; |
| Volume/sequential designation |
no. 43. |
| 856 40 - ELECTRONIC LOCATION AND ACCESS |
| Materials specified |
Digitalia Hispánica |
| Uniform Resource Identifier |
<a href="https://www.digitaliapublishing.com/a/49629/">https://www.digitaliapublishing.com/a/49629/</a> |
| 910 ## - USER-OPTION DATA (OCLC) |
| User-option data |
Premium collection: 2018 |
| 942 ## - ADDED ENTRY ELEMENTS (KOHA) |
| Koha item type |
Recurso Electrónico |